000 00889nam a2200217 a 4500
001 BRCA_8986
005 20190320210501.0
008 110717s1766----sp-#######---#000-0#lat-#
041 _alat
044 _aspa
084 _aLM5
_b.G731 1766
100 1 _aGranatensi, Ludovico
_d1504 - 1588
_922303
245 1 0 _aPrimus tomus Concionum de tempore, quae a prima dominica Adventus usque ad Quadragesimae initium in Ecclesia haberi solent
_cauctore R.P.F. Ludovico Granatensi, Sac. Theol. Monacho Dominicano.
260 _aValentiae Hedetanorum
_bIn oficina viduae Josephi de Orga
_c1766
300 _a672 p. (t.1)
_c21 x 16 cm
500 _aSuperiorum permissu
500 _aEstado físico: presenta encuadernación en pergamino con cintas, cantos decorados y presencia del pez de plata
650 1 4 _aFiestas religiosas
_yObras anteriores a 1800
_922304
902 _aCFM
942 _2lcc
_cB
999 _c8637
_d8637